00646 2200241 4500001002100000005001500021035002000036007000300056008004100059020002200100082000800122084001200130100002700142245009900169250001000268260002700278300003200305650000800337700001800345700001700363990001200380990001200392INLIS00000000000194620180516104302 a0010-0518000016ta180516 g 0 ind  a978-979-91-0734-3 a173 a173 MOM0 aMOMMIES, Daily Me Time1 aMommies Daily Me Time :bMemastikan Ibu Tetap "Waras" /cpenyunting, Ratna Dyah W, Mega Tala H acet.1 aJakarta :bGaia,c2014 aix, 81 hlm :bilus ;c20 cm aIBU0 aRATNA, Dyah W0 aMEGA, Tala H a16711 a a16711 b